Transnacionálne korporácie ako globálni hráči a ich pôsobenie v národných kultúrach bakalárska práca

Enregistré dans:
Détails bibliographiques
Auteur principal: Pavlisková, Michaela
Collectivité auteur: Obchodná fakulta EU. Katedra medzinárodného obchodu
Autres auteurs: Malík, Marek
Format: Livre
Langue:slovaque
Publié: Bratislava 2009
Tags: Ajouter un tag
Pas de tags, Soyez le premier à ajouter un tag!

MARC

LEADER 00000nam$a2200000$$$4500
001 0103671
005 20240318133908.7
041 0 |a slo 
044 |a SK 
245 1 0 |a Transnacionálne korporácie ako globálni hráči a ich pôsobenie v národných kultúrach  |b bakalárska práca  |c Michaela Pavlisková ; škol. Marek Malík 
264 1 |a Bratislava  |c 2009 
300 |a 57 s. 
100 1 |a Pavlisková, Michaela 
700 1 |a Malík, Marek 
710 2 |a Obchodná fakulta EU. Katedra medzinárodného obchodu